| 000 | 00674nam a2200193 9 4500 | ||
|---|---|---|---|
| 001 | 142113 | ||
| 003 | ES-MaACL | ||
| 005 | 20230906200440.0 | ||
| 007 | t| | ||
| 008 | 071003s1938 uy ||||0| spa d | ||
| 016 | 7 | _zIND2000946498 | |
| 040 |
_aM-BN _bspa _cCDM |
||
| 100 | 1 |
_aWilliman, José Claudio. _9116978 |
|
| 245 | 1 | 0 |
_aMemoria de enseñanza primaria y normal correspondiente al año 1937 / _cpresentada al Consejo Nacional de Enseñanza Primaria y Normal por su Presidente José Claudio Williman. |
| 260 |
_aMontevideo : _b[s.n.], _c1938. |
||
| 300 |
_aLXII, 177 p. ; _c26 cm. |
||
| 650 | 4 |
_aEnseñanza primaria- _zUruguay. _9160301 |
|
| 852 |
_aES-MaACL _jA-4755 |
||
| 999 |
_c142113 _d142113 |
||